• 首页
  • 本馆介绍
  • 公告通知
  • 最新文献
  • 馆藏检索
  • 电子资源
  • 读者导购
  • 参考咨询
  • 我的图书馆
  • 登录
  • 详细信息显示
  • 放入我的书架
  • 预约/预借图书
  • 作者相关作品
  • 分类相关作品
  • 丛书相关作品
  • 出版社相关作品

书目信息

  • 表格格式
  • 工作单格式
  • 卡片格式
题名:
江苏珍稀濒危植物图鉴及其DNA条码
    
 
作者: 殷茜 , 伏建国 编著
分册:  
出版信息: 北京   中国农业出版社  2020.6
页数: 186页
开本: 26cm
丛书名:
单 册:
中图分类: Q948.525.3
科图分类:
主题词: 脱氧核糖核酸--条码技术--应用--珍稀植物--濒危植物--植物保护--江苏--图集
电子资源:
ISBN: 978-7-109-26263-8
000 01278nam0 2200277 45
001 012001002990
005 20141010152644.0
010    @a978-7-109-26263-8@dCNY80.00
100    @a20200911d2020 em y0chiy50 ea
101 0  @achi
102    @aCN@b110000
105    @aa z 000yy
106    @ar
200 1  @a江苏珍稀濒危植物图鉴及其DNA条码@Ajiang su zhen xi bin wei zhi wu tu jian ji qi DNA tiao ma@dIllustrated handbook and DNA barcode sequences of rare and endangered plants in Jiangsu@f殷茜, 伏建国编著@zeng
210    @a北京@c中国农业出版社@d2020.6
215    @a186页@d26cm
300    @a物种查验鉴定系列 “十三五”重点研发计划国家质量基础研究成果
300    @a并列题名:Illustrated handbook and DNA barcode sequences of rare and endangered plants in Jiangsu
330    @a本书收录了江苏境内露地条件下,有野生分布和栽培的93种珍稀濒危植物,介绍了其形态特征、分布、用途、濒危等级和识别碱基序列等。
510 1  @aIllustrated handbook and DNA barcode sequences of rare and endangered plants in Jiangsu@zeng
606 0  @a脱氧核糖核酸@x条码技术@x应用@x珍稀植物@x濒危植物@x植物保护@y江苏@j图集
690    @aQ948.525.3@v5
701  0 @a殷茜@Ayin qian@4编著
701  0 @a伏建国@Afu jian guo@4编著
801  0 @aCN@bBJSDL@c20211018
905    @b1351086-9@dQ948.525.3@e524@f4
    
    江苏珍稀濒危植物图鉴及其DNA条码=Illustrated handbook and DNA barcode sequences of rare and endangered plants in Jiangsu/殷茜, 伏建国编著.-北京:中国农业出版社,2020.6
    186页;26cm
    物种查验鉴定系列 “十三五”重点研发计划国家质量基础研究成果.-并列题名:Illustrated handbook and DNA barcode sequences of rare and endangered plants in Jiangsu
    
    ISBN 978-7-109-26263-8:CNY80.00
    本书收录了江苏境内露地条件下,有野生分布和栽培的93种珍稀濒危植物,介绍了其形态特征、分布、用途、濒危等级和识别碱基序列等。
●
相关链接 在E读中查询图书 在五车中查询图书 在当当中查询图书 在豆瓣中查询图书


正题名:江苏珍稀濒危植物图鉴及其DNA条码     索取号:Q948.525.3/524         预约/预借

序号 登录号 条形码 馆藏地/架位号 状态 备注
1 1351086   213510869   第二样本阅览室/ [索取号:Q948.525.3/524] 在馆    
2 1351087   213510878   第三借阅区/ [索取号:Q948.525.3/524] 在馆    
3 1351088   213510887   第三借阅区/ [索取号:Q948.525.3/524] 在馆    
4 1351089   213510896   第三借阅区/ [索取号:Q948.525.3/524] 在馆    
唐山师范学院图书馆 欢迎您!
大连网信软件有限公司© 版权所有